MARC детайли
| 000 -Лидер |
| Контролно поле с фиксирана дължина |
02687nam a2200469 c 4500 |
| 003 - Код на организацията, давaща контролен номер |
| Контролно поле |
BLK |
| 005 - Дата и час на последна редакция |
| Контролно поле |
20250802121900.0 |
| 008 - Елементи от данни с фиксирана дължина |
| fixed length control field |
180411b bul|||||r ||||||| ||bul|| |
| 010 ## - Наследен системен номер |
| LC control number |
KNG00178508000 |
| 020 ## - Международен стандартен номер на книга ISBN |
| Международен стандартен номер на книга ISBN |
978-954-320-461-8 |
| -- |
издат.: Рива |
| 040 ## - Източник на каталожния запис |
| Идентификатор на билиотеката - собственик на записа |
BLK |
| 041 ## - Код за език |
| Код за езика на текст/звукозапис или на отделно заглавие |
Български |
| Код за езика КДБФ |
Български |
| 072 #7 - Код за тематичната категория |
| Код организация |
bullib |
| Код за тематична категория |
Н37 |
| Текст |
Образование. Педагогика Н |
| 080 ## - УДК |
| Текстов определител УДК |
Методи и форми на обучение. Вж и 371.64/.69 |
| УДК код - определител по УДК |
371.3 |
| УДК определител |
.015.3 |
| УДК - код + определител |
371.3.015.3 |
| 080 ## - УДК |
| Текстов определител УДК |
Възпитание на специални национални групи, на малцинства - Възпитание на расово и езиково различни групи, на неграмотни и др. |
| УДК код - определител по УДК |
376.7 |
| УДК определител |
(497.2) |
| УДК - код + определител |
376.7(497.2) |
| 080 ## - УДК |
| Текстов определител УДК |
Български език |
| УДК код - определител по УДК |
811.163.2 |
| УДК определител |
(072) |
| УДК - код + определител |
811.163.2(072) |
| 080 ## - УДК |
| Текстов определител УДК |
Българска литература |
| УДК код - определител по УДК |
821.163.2 |
| УДК определител |
(072) |
| УДК - код + определител |
821.163.2(072) |
| 100 1# - Редна дума - Автор |
| Автор |
Нешкова, Румяна |
| Авторска отговорност |
първи автор |
| Автор - информация (биография) |
Георгиева, Румяна Нешкова |
| R(LIN) |
382678 |
| 139 ## - Редно поле |
| Редна дума |
Нешкова, Румяна |
| Авторски знак |
Неш - Н 64 |
| 245 10 - Сведения за заглавието |
| Заглавие |
Емоционалната компетентност на учениците |
| Подзаглавни данни |
Обучението по бълг. ез. и лит. в мултикултурна среда в нач. етап на осн. образователна степен |
| Редно поле (дума) |
Румяна Нешкова; * Румяна Нешкова Георгиева. |
| 257 ## - Страна на издаване |
| Страна на създаване/издаване |
България |
| 260 ## - Област на издателските данни |
| -- |
София |
| Име на издателя, разпространителя и проч. |
Рива |
| Година на издаване |
2014 |
| Печатница |
София : Булгед |
| 300 ## - Физическа характеристика |
| Страници |
168 с. |
| Илюстрации и др. |
с диагр. |
| Размери/Мащаб |
20 см |
| 380 ## - Жанр |
| Жанр |
Обществени науки |
| 500 ## - Общи забележки |
| Забележка |
Пълното име на авт. е Румяна Нешкова Георгиева. - Библиогр. с. 162-164. |
| 650 #4 - Допълнително описание по предмет – тема |
| Основно описание – тема или топоним |
Ученици - психология |
| 9 (RLIN) |
258191 |
| 650 #4 - Допълнително описание по предмет – тема |
| Основно описание – тема или топоним |
Малцинства - образование и просвета - психологични проблеми |
| 9 (RLIN) |
338526 |
| 650 #4 - Допълнително описание по предмет – тема |
| Основно описание – тема или топоним |
Български език - методика на преподаването |
| 9 (RLIN) |
262798 |
| 650 #4 - Допълнително описание по предмет – тема |
| Основно описание – тема или топоним |
Българска литература - методика на преподаване |
| 9 (RLIN) |
330994 |
| 653 ## - Ключова дума – ненормативна |
| Ключова дума |
малцинства |
| 653 ## - Ключова дума – ненормативна |
| Ключова дума |
български език |
| 653 ## - Ключова дума – ненормативна |
| Ключова дума |
българска литература |
| 653 ## - Ключова дума – ненормативна |
| Ключова дума |
методика на преподаването |
| 659 ## - Тематичен бюлетин |
| Тематичен бюлетин |
Н |
| 700 1# - Други автори (авторска отговорност) |
| Лично име |
Георгиева, Румяна Нешкова |
| Автороска отговорност (Описва отношението между автора и произведението) |
* |
| 9 (RLIN) |
338525 |
| 852 ## - Местоположение |
| Форматна сигнатура |
Цб 275530 |
| 856 4# - Електронен адрес и достъп |
| Електронен формат |
pdf - файл |
| Път до файла /url/ |
|
| 856 4# - Електронен адрес и достъп |
| Електронен формат |
pdf - файл |
| Път до файла /url/ |
|
| 942 ## - АРТИКУЛИ |
| Вид на библиотечния материал |
Книги |
| Скрит в OPAC |
Не |
| Koha issues (borrowed), all copies |
10 |
| 944 ## - СЪЗДАВАНЕ И РЕДАКЦИЯ на ЗАПИСА |
| Създаване/Редакция |
Създаване |
| Дата на регистрацията/редакция |
20.07.2015 |
| Статус, дата на статуса |
Кръстинка Христова |
| Служител, извършил регистрацията/редакцията |
30539 |
| 944 ## - СЪЗДАВАНЕ И РЕДАКЦИЯ на ЗАПИСА |
| Създаване/Редакция |
Редакция |
| Дата на регистрацията/редакция |
21.07.2015 |
| Статус, дата на статуса |
ф / |
| Служител, извършил регистрацията/редакцията |
Людмила_Стоянова |
| 999 ## - СИСТЕМНИ КОНТРОЛНИ НОМЕРА |
| Koha biblionumber |
170369 |
| Koha biblioitemnumber |
170369 |